000 03875njm a2200553Ia 4500
001 23817
003 IT-RoPAU
005 20220918181121.0
008 131025s9999 xx 000 0 und d
040 _aIT-RoPAU
040 _cIT-RoPAU
041 _aITALIANO
999 _c99823
_d99823
999 _bn.d.
100 _aAA.VV.
_9794
100 _eAutore musica
_96224
100 _gCodice autore musica SPICS: 12000
_9796
245 _aSuccessi di sempre vol.1 (Lp Rb39)
250 _a1a ed.
260 _aMILANO
260 _bCBS - SUGAR
_c1976 [1a Ed.:1976]
300 _aDISCO
500 _aRaccolta di best sellers recenti e passati interpretati dagli stessi artisti che ne hanno determinato la fama e la popolarità. Canzoni giovani, senza età capaci di ricreare sempre entusiastiche emozioni. Canzone italiana. Amore, bambina, amico, destino.
505 _aIl giardino proibito (Giacobbe Sandro) - Lady Barbara (Renato) - La pioggia (Cinquetti Gigliola) - L'ora dell'amore (I Camaleonti) - Lisa dagli occhi blu (Tessuto Mario) - Montagne verdi (Bella Marcella) - Sei bellissima (Bertè Loredana) - Quanto è bella lei (Nazzaro Gianni) - Felicità tà tà (Carrà Raffaella) - Non ti scordar di me (Leonardi S.) - Torero (Carosone Renato) - Canzone per te (Carlos R.)
650 _aCANZONE ITALIAN [DISCHI]
_eCodice MATERIA SPICS: 9950
_96225
700 _aPace Daniele
_dCodice autore musica SPICS: 13856
_eAutore musica
_pIl giardino proibito - La pioggia - L'ora dell'amore - Quanto è bella lei
_96226
700 _aGiacobbe Sandro
_dCodice autore SPICS: 13857
_eAutore
_pIl giardino proibito
_96227
700 _aAvogadro Oscar
_dCodice autore testo/musica SPICS: 21687
_eAutore testo/musica
_pIl giardino proibito
_96228
700 _aBigazzi Giancarlo
_dCodice autore musica SPICS: 13839
_eAutore musica
_pLady Barbara - Lisa dagli occhi blu - Montagne verdi
_96229
700 _aSavio G.
_dCodice autore testo/musica SPICS: 14082
_eAutore testo/musica
_pLady Barbara
_96230
700 _aPanzeri Mario
_dCodice autore testo/musica SPICS: 13372
_eAutore Testo/musica
_pLa pioggia - Quanto è bella lei
_96231
700 _aConti C.
_dCodice autore SPICS: 15827
_eAutore
_pLa pioggia
_96232
700 _aBrooken G.
_dCodice autore musica SPICS: 25265
_eAutore musica
_pL'ora dell'amore
_96233
700 _aReid Keith
_dCodice autore SPICS: 25264
_eAutore
_pL'ora dell'amore
_96234
700 _aCavallaro
_dCodice autore musica SPICS: 13858
_eAutore musica
_pLisa dagli occhi blu
_96235
700 _aBella Gianni
_dCodice autore musica SPICS: 13859
_eAutore musica
_pMontagne verdi
_96236
700 _aFelisatti P.
_dCodice autore musica SPICS: 13870
_eAutore musica
_pSei bellissima
_96237
700 _aSarasate Pablo De
_dCodice autore testo/musica SPICS: 14355
_eAutore testo/musica
_pSei bellissima
_96238
700 _aPilat
_dCodice autore musica SPICS: 14084
_eAutore musica
_pQuanto è bella lei
_96239
700 _aOrmi Paolo
_dCodice autore musica SPICS: 14181
_eAutore musica
_pFelicità tà tà
_96240
700 _aVerde
_dCodice autore SPICS: 14028
_eAutore
_pFelicità tà tà
_96241
700 _aBoncompagni Gianni
_dCodice autore testo/musica SPICS: 13860
_eAutore testo/musica
_pFelicità tà tà
_96242
700 _aFurnò Domenico
_dCodice autore musica SPICS: 13476
_eAutore musica
_pNon ti scordar di me
_96243
700 _aDe Curtis Ernesto
_dCodice autore testo/musica SPICS: 13475
_eAutore testo/musica
_pNon ti scordar di me
_96244
700 _aCarosone Renato
_dCodice autore musica SPICS: 9614
_eAutore musica
_pTorero
_96245
700 _aNisa (Salerno Nicola)
_dCodice autore testo/musica SPICS: 13452
_eAutore testo/musica
_pTorero
_96246
700 _aEndrigo Sergio
_dCodice autore musica SPICS: 10878
_eAutore musica
_pCanzone per te
_96247
700 _aBardotti Sergio
_dCodice autore testo/musica SPICS: 13862
_eAutore testo/musica
_pCanzone per te
_96248
942 _cMD
_2ddc